[Event "Cuiaba Contaud op"]
[Site "Cuiaba"]
[Date "2012.10.28"]
[Round "6"]
[White "Dos Franca, Elizeu Cleber"]
[Black "Silva, Lairson Ferreira"]
[Result "1-0"]
[WhiteElo "2020"]
[BlackElo "1800"]
[PlyCount "81"]
[EventDate "2012.10.26"]
[EventType "swiss"]
[EventRounds "6"]
[EventCountry "BRA"]
[SourceTitle "EXT 2013"]
[Source "ChessBase"]
[SourceDate "2012.11.22"]
[SourceVersion "1"]
[SourceVersionDate "2012.11.22"]
[SourceQuality "1"]

1. d4 e6 2. e4 d5 3. Nc3 Nf6 4. Bg5 Be7 5. e5 Nfd7 6. Bxe7 Qxe7 7. Nf3 a6 8. Bd3 c5 9. dxc5 Nxc5 10. 0-0 Nc6 11. a3 Bd7 12. b4 Nxd3 13. cxd3 Rc8 14. Qb3 b5 15. Ra2 0-0 16. Rc2 Rc7 17. Rfc1 Rfc8 18. Ne2 Qd8 19. g3 Ne7 20. Ned4 Rxc2 21. Rxc2 Rxc2 22. Qxc2 Qc8 23. Qc5 Qxc5 24. bxc5 Kf8 25. Kf1 h6 26. Nd2 Nc6 27. Nxc6 Bxc6 28. Nb3 Ke7 29. Ke2 Kd7 30. Ke3 f6 31. f4 f5 32. Kd4 Kc7 33. Kc3 Bb7 34. Kb4 Bc6 35. Ka5 Bb7 36. Nd4 Bc8 37. Nc2 Bb7 38. Nb4 Bc8 39. Nxa6+ Kb7 40. h4 g6 41. Nb4 1-0

[Event "Cuiaba Contaud op"]
[Site "Cuiaba"]
[Date "2012.10.27"]
[Round "4"]
[White "Rothebarth, Ana Vitoria de Paul"]
[Black "Silva, Lairson Ferreira"]
[Result "1-0"]
[WhiteElo "2012"]
[BlackElo "1800"]
[PlyCount "103"]
[EventDate "2012.10.26"]
[EventType "swiss"]
[EventRounds "6"]
[EventCountry "BRA"]
[SourceTitle "EXT 2013"]
[Source "ChessBase"]
[SourceDate "2012.11.22"]
[SourceVersion "1"]
[SourceVersionDate "2012.11.22"]
[SourceQuality "1"]

1. e4 e6 2. f4 d5 3. e5 c5 4. c3 Nc6 5. Nf3 Be7 6. Na3 a6 7. Nc2 b5 8. d4 Nh6 9. g3 Qb6 10. Bh3 Bd7 11. Be3 a5 12. 0-0 Rc8 13. Qe2 b4 14. g4 c4 15. Bf2 a4 16. Ne3 g6 17. Rab1 Qa5 18. Rfc1 0-0 19. Qe1 Qd8 20. g5 Nf5 21. Ng4 Kg7 22. Nf6 h5 23. Bxf5 exf5 24. Nxd5 Rb8 25. Rd1 Be6 26. Ne3 Bd5 27. Nxd5 Qxd5 28. Qe2 Rfc8 29. Nd2 Na5 30. cxb4 Rxb4 31. Qf3 Qb5 32. Qc3 Qb7 33. Nf3 Rb5 34. Nd2 Bb4 35. Qf3 Qd7 36. Nf1 c3 37. bxc3 Rxc3 38. Rd3 Rc2 39. a3 Bf8 40. Rxb5 Qxb5 41. d5 Bc5 42. Bxc5 Qxc5+ 43. Qe3 Qc4 44. d6 Nc6 45. d7 Nd8 46. Qd4 Qa2 47. e6+ Kh7 48. e7 Rg2+ 49. Kh1 Rf2 50. Rd1 Qe2 51. Qxf2 Qxe7 52. Qe3 1-0

[Event "Cuiaba Contaud op"]
[Site "Cuiaba"]
[Date "2012.10.27"]
[Round "3"]
[White "Silva, Lairson Ferreira"]
[Black "De Arruda, Filho Ivo Pereira"]
[Result "1-0"]
[WhiteElo "1800"]
[BlackElo "1871"]
[PlyCount "51"]
[EventDate "2012.10.26"]
[EventType "swiss"]
[EventRounds "6"]
[EventCountry "BRA"]
[SourceTitle "EXT 2013"]
[Source "ChessBase"]
[SourceDate "2012.11.22"]
[SourceVersion "1"]
[SourceVersionDate "2012.11.22"]
[SourceQuality "1"]

1. Nf3 Nf6 2. g3 g6 3. Bg2 Bg7 4. 0-0 0-0 5. d3 d5 6. Re1 Nc6 7. Nbd2 e5 8. e4 dxe4 9. Nxe4 Nxe4 10. Rxe4 f5 11. Re1 f4 12. Nd2 fxg3 13. hxg3 Qd4 14. Ne4 Bf5 15. c3 Qd7 16. Nc5 Qc8 17. Qb3+ Kh8 18. Qxb7 Qxb7 19. Nxb7 Nd8 20. Nd6 Rb8 21. Nxf5 gxf5 22. Rb1 f4 23. gxf4 exf4 24. d4 f3 25. Bh3 Rb6 26. Be3 1-0